[Event "2nd GMA World Cup prel  #2"]
[Site "Moscow URS"]
[Date "1989.??.??"]
[Round "9"]
[White "Bagirov, Vladimir"]
[Black "Iailian, Mikhail"]
[Result "1-0"]
[WhiteElo "2460"]
[BlackElo "2325"]
[EventDate "1989.05.??"]
[PlyCount "129"]

1.Nf3 Nf6 2.c4 e6 3.g3 b6 4.Bg2 Bb7 5.O-O c5 6.b3 Be7 7.Bb2 O-O 8.e3 d5 9.
Nc3 Nbd7 10.d3 a6 11.Qe2 Qc7 12.Ne1 Bc6 13.a4 Qb7 14.e4 d4 15.Nd1 e5 16.f4
b5 17.a5 Qc7 18.Bc1 Rab8 19.Bh3 bxc4 20.bxc4 Rb3 21.Ng2 Bd6 22.Nf2 Re8 23.
Bxd7 Qxd7 24.f5 h6 25.g4 Nh7 26.h4 Be7 27.Kh2 Reb8 28.Kg3 Qd8 29.Rh1 f6 
30.Ne1 Be8 31.Nf3 Bf7 32.Kg2 Kh8 33.Rh3 Rb1 34.Rxb1 Rxb1 35.Bd2 Rb2 36.Qe1
Be8 37.Rg3 Kg8 38.g5 fxg5 39.hxg5 Nxg5 40.Nxg5 Bxg5 41.Bxg5 hxg5 42.Qa1 
Rd2 43.Qa3 Qb8 44.Qc1 Qb2 45.Qxb2 Rxb2 46.Rxg5 Kh7 47.Kg1 Rb3 48.Rg3 Ra3 
49.Ng4 Rxa5 50.Nxe5 Ra1+ 51.Kf2 a5 52.Ng6 Ra2+ 53.Kf3 Rh2 54.Nf8+ Kh6 55.
Ne6 g5 56.Rxg5 Rh3+ 57.Kf4 Bf7 58.Rg7 Bxe6 59.Rg6+ Kh7 60.Rxe6 Rxd3 61.Rc6
a4 62.Rxc5 Rc3 63.e5 Rh3 64.e6 a3 65.Ra5 1-0

[Event "2nd GMA World Cup prel  #2"]
[Site "Moscow URS"]
[Date "1989.??.??"]
[Round "9"]
[White "Tseitlin, Mikhail"]
[Black "Nikolic, Stanimir"]
[Result "1/2-1/2"]
[WhiteElo "2460"]
[BlackElo "2320"]
[EventDate "1989.05.??"]
[PlyCount "157"]

1.d4 Nf6 2.c4 e6 3.Nf3 b6 4.Nc3 Bb7 5.a3 d5 6.cxd5 exd5 7.Qa4+ c6 8.Bg5 
Be7 9.g3 O-O 10.Bxf6 Bxf6 11.Bg2 Re8 12.O-O Nd7 13.Rad1 Qc7 14.Rfe1 Rad8 
15.Qc2 Qb8 16.e4 dxe4 17.Nxe4 h6 18.b4 Be7 19.Qb3 c5 20.d5 Bf8 21.b5 Ne5 
22.Nxe5 Rxe5 23.f4 Ree8 24.a4 Qa8 25.Re2 Kh8 26.Red2 Rd7 27.Qc4 f5 28.Nc3 
Bd6 29.Bf3 Re3 30.Kf2 Rde7 31.Rd3 Qe8 32.Rxe3 Rxe3 33.Rd2 g5 34.Re2 Rxe2+ 
35.Qxe2 Qxe2+ 36.Nxe2 Kg7 37.Ke3 Kf6 38.Kd3 Bc8 39.Kc4 Bd7 40.Bg2 Be8 41.
Bf3 Ke7 42.Kd3 Bf7 43.Kc4 Kd7 44.h3 Ke7 45.Kd3 Bc7 46.Kc4 Bg6 47.Kc3 Kd6 
48.h4 gxh4 49.gxh4 Ke7 50.h5 Be8 51.Kd3 Bf7 52.Ke3 Bd6 53.Kd3 Be8 54.Ke3 
Bb8 55.Ng3 Kf6 56.Bg2 a6 57.Bh3 axb5 58.axb5 Bxb5 59.Bxf5 Be8 60.Bd3 b5 
61.Ne4+ Ke7 62.f5 c4 63.f6+ Kf7 64.Be2 Be5 65.Bg4 Bxf6 66.Nd6+ Ke7 67.Nxe8
Kxe8 68.Bc8 b4 69.Ba6 c3 70.Bc4 Kd7 71.Kd3 Kd6 72.Kc2 Kc5 73.Bb3 Be5 74.d6
Kxd6 75.Bg8 Kc5 76.Kd3 Bf4 77.Bf7 Kb5 78.Bb3 Bc7 79.Kc2 1/2-1/2

[Event "2nd GMA World Cup prel  #2"]
[Site "Moscow URS"]
[Date "1989.??.??"]
[Round "9"]
[White "Prins, Lodewijk"]
[Black "Fauland, Alexander"]
[Result "0-1"]
[WhiteElo "2265"]
[BlackElo "2450"]
[EventDate "1989.05.??"]
[PlyCount "78"]

1.e4 c5 2.Nf3 e6 3.c4 Nc6 4.Nc3 Nf6 5.a3 a6 6.d4 cxd4 7.Nxd4 Qc7 8.Be3 Ne5
9.Qb3 Nfg4 10.Be2 Nxe3 11.fxe3 b6 12.O-O Be7 13.Rac1 Rb8 14.Qa2 Bg5 15.Nd1
Bb7 16.Qb1 Qd6 17.Nf3 Bf6 18.b4 Qc6 19.Nf2 h5 20.c5 b5 21.Rfd1 Qc7 22.h3 
Nxf3+ 23.Bxf3 Bc6 24.Rd3 Qg3 25.Rcd1 Be5 26.Kf1 Rh6 27.Ke2 Rf6 28.Rh1 Qh4 
29.Qf1 Bg3 30.e5 Bxe5 31.Bxc6 dxc6 32.Qg1 Bg3 33.Nd1 Rd8 34.Rd4 Rxd4 35.
exd4 Rf4 36.Ne3 Rf2+ 37.Kd3 f5 38.Qb1 Qe4+ 39.Kc3 Qxe3+ 0-1

[Event "2nd GMA World Cup prel  #2"]
[Site "Moscow URS"]
[Date "1989.??.??"]
[Round "9"]
[White "Heemskerk, Fenny"]
[Black "Soltis, Andrew"]
[Result "0-1"]
[WhiteElo "2025"]
[BlackElo "2425"]
[EventDate "1989.05.??"]
[PlyCount "90"]

1.d4 Nf6 2.Nf3 d6 3.c4 g6 4.Nc3 Nbd7 5.Bg5 Bg7 6.e3 c6 7.Be2 O-O 8.O-O a6 
9.a4 a5 10.h3 Re8 11.Qc2 Qc7 12.e4 e5 13.d5 Nc5 14.Rfd1 Nh5 15.Be3 Na6 16.
dxc6 bxc6 17.Qd2 Bf8 18.Bh6 Bxh6 19.Qxh6 Nf4 20.Bf1 Nc5 21.g3 Nfe6 22.Ng5 
Nxg5 23.Qxg5 Rb8 24.Ra2 Rb4 25.h4 Ne6 26.Qd2 Nd4 27.Qe3 Qb6 28.Rb1 Be6 29.
Kg2 Rb8 30.h5 Bg4 31.Qg5 Bf3+ 32.Kh3 Rf8 33.h6 f6 34.Qe3 Qc7 35.Ne2 Rb3 
36.Nc3 Qd7+ 37.Kh2 Qg4 38.Bh3 Qh5 39.g4 Bxg4 40.Kg2 Ne2 41.Bxg4 Qxg4+ 42.
Kf1 Nxc3 43.Rc1 Nxa2 44.Qxb3 Nxc1 45.Qb7 Qh3+ 0-1